MARC

LEADER 00000nam0a2200000 4500
001 677991
005 20260202160959.0
090 |a 677991 
100 |a 20241228d1979 k||y0rusy50 ca 
101 0 |a rus 
102 |a RU 
105 |a y z 011yb 
181 0 |a i   |b  e  
182 0 |a n 
183 0 |a nc  |2 RDAcarrier 
200 1 |a Степан Халтурин  |f Ю. З. Полевой  |g Академия наук СССР 
203 |a Текст  |b визуальный  |c непосредственный 
210 |a Москва  |c Наука  |d 1979 
215 |a 111 с. 
225 1 |a Научные биографии 
283 |a volume  |2 RDAcarrier 
300 |a К 100-летию "Северного союза русских рабочих" 
320 |a Примечания: с. 109-110 
600 1 |a Халтурин  |b С. Н.  |c российский революционер  |c организатор "Северного союза русских рабочих"  |f 1856/1857-1882  |g Степан Николаевич  |9 2387 
606 |a Революционное движение в России  |x История  |z 1855-1885  |9 89127 
610 1 |a Северный Союз русских рабочих 
610 1 |a 19 век 
610 1 |a Россия 
610 1 |a освободительное движение 
610 1 |a революционеры 
610 1 |a биография 
686 |2 rubbk  |a Т3(2)522 
700 1 |a Полевой  |b Ю. З.  |g Юзеф Захарович 
712 0 2 |a Академия наук СССР  |c (Ленинград/Москва)  |c (1925-1991)  |4 570  |9 23473 
801 0 |a RU  |b 63413507  |c 20241228 
830 |a Ретро2024Каталогизация Кузнецова 
850 |a 63413507 
942 |c BK